LEADER 01372nam 2200373Ia 450 001 996387736403316 005 20200824132208.0 035 $a(CKB)4940000000082078 035 $a(EEBO)2264219795 035 $a(OCoLC)ocm15620463e 035 $a(OCoLC)15620463 035 $a(EXLCZ)994940000000082078 100 $a19870501d1694 uy | 101 0 $aeng 135 $aurbn||||a|bb| 200 12$aA practical commentary upon the first epistle general of St. Peter$hVol. II$b[electronic resource] $econtaining the third, fourth and fifth chapters /$fby the most Reverend Robert Leighton ... ; published after his death at the request of his friends 210 $aLondon $cPrinted by B.G. for Sam. Keble ...$dMDCXCIV [1694] 215 $a[7], 496 p 300 $aPreface signed: J. Fall. 300 $aErrata: preliminary p. [7] 300 $aReproduction of original in the Union Theological Seminary Library, New York. 320 $aIncludes bibliographical references. 330 $aeebo-0160 700 $aLeighton$b Robert$f1611-1684.$01003492 701 $aFall$b James$f1646 or 7-1711.$01002584 801 0$bEAJ 801 1$bEAJ 801 2$bm/c 801 2$bEAJ 801 2$bWaOLN 906 $aBOOK 912 $a996387736403316 996 $aA practical commentary upon the first epistle general of St. Peter$92408109 997 $aUNISA